| 000 | 00669nam a2200205 a 4500 | ||
|---|---|---|---|
| 003 | 0 | ||
| 005 | 20250224160807.0 | ||
| 008 | 111114s19uu xx 00 eng d | ||
| 050 |
_aPGS TP 341.5 _b.G656 2011 |
||
| 100 | _aGoodwin, Wyatt Paul. | ||
| 245 |
_aThe use of water lilies as wood adhesive / _cWyatt Paul Goodwin. |
||
| 260 |
_aLas PiƱas City, Philippines : _bSouthville International School and Colleges, _c2011. |
||
| 300 |
_a15 pages : _billustrations ; _c28 cm. |
||
| 504 | _aIncludes bibliographical references. | ||
| 650 | _aAdhesives. | ||
| 650 | _aWood adhesives. | ||
| 650 | _aWater lilies. | ||
| 650 | _aNatural adhesives. | ||
| 942 |
_2lcc _cPASS |
||
| 999 |
_c98625 _d98625 |
||